000 00266 a2200145 4500
001 164581
020 _a
040 _cMagnum
100 _a-
240 1 0 _aSantos-dumont
_lpor
245 1 0 _aSantos-dumont
362 0 _a1899
697 _aBIOGRAFIA
942 _cBK
999 _c164581
_d164581